000 00581nam a2200241 a 4500
001 nice12345678
003 IN_TiNIC
005 20260116013327.0
008 050524s1996 dela grp 000 0 eng
020 _a8185574
_c200
082 0 0 _a294.5923
_bANA
100 _aAnand, Subhash
245 _aStory as Theology
260 _aDelhi
_bIntercultural Publications
_c1996
300 _a194p
500 _aincludes index and biblioraphy
505 2 _a194p
650 _aMahabharat
700 1 _aAnand, Subhash
902 _bSRS
942 _cBK
999 _c10573
_d10573